Types of Electric Multiple Units of JR East - Statistics

General Stats
  • This quiz has been taken 74 times
    27 since last reset
  • The average score is 15 of 29
Answer Stats
Entered Service運用開始 Service Area 運用 Series % Correct
26 December 2006 Chuo Line Rapid, Chuo Main Line, Ome Line, Itsukaichi Line, Hachiko Line, Fuji Kyuko Line, Keihin Tohoku Line/Negishi Line, Joban Line(Local Train), Tokyo Metro Chiyoda Line, Odakyu Odawara Line/Tama Line, Tokaido Main Line, Ito Line, Tohoku Main Line(Utsunomiya Line), Takasaki Line, Ryomo Line, Shonan-Shinjuku Line, Ueno-Tokyo Line, Keiyo Line, Uchibo Line, Sotobo Line, Togane Line, Yokohama Line, Saikyo Line, Kawagoe Line, Rinkai Line, Nambu Line 中央線快速、中央本線、青梅線、五日市線、八高線、富士急行線、京浜東北線・根岸線、常磐線(各駅停車)、東京メトロ千代田線、小田急小田原線・多摩線、東海道本線、伊東線、東北本線(宇都宮線)、高崎線、両毛線、湘南新宿ライン、上野東京ライン、京葉線、内房線、外房線、東金線、横浜線、埼京線、川越線、りんかい線、南武線 E233系
100%
March 2000 Chuo-Sobu Line, Joban Line Rapid, Narita Line, Tokaido Main Line, Musashino Line, Keiyo Line, Hachiko Line, Kawagoe Line, Ito Line, Tohoku Main Line(Utsunomiya Line), Takasaki Line, Joetsu Line, Ryomo Line, Shonan-Shinjuku Line, Ueno-Tokyo Line, Yokosuka Line, Tokyo Metro Tozai Line 中央・総武緩行線、常磐線快速、成田線、東海道本線、武蔵野線、京葉線、八高線、川越線、伊東線、東北本線(宇都宮線)、高崎線、上越線・両毛線・湘南新宿ライン、上野東京ライン、横須賀線・東京メトロ東西線 E231系
96%
30 December 2015 Yamanote Line, Sobu Rapid Line, Sobu Main Line, Yokosuka Line, Narita Line, Kashima Line, Uchibo Line, Sotobo Line 山手線、総武快速線、総武本線、横須賀線、成田線、鹿島線、内房線、外房線 E235系
96%
1 October 2009 Limited Express Narita Express/Shiosai 特急成田エクスプレス・しおさい E259系
72%
9 July 2005 Joban Line, Mito Line, Tohoku Main Line 常磐線、水戸線、東北本線 E531系
72%
January 1993 Keiyo Line, Musashino Line, Chuo Rapid Line, Sobu Main Line, Narita Line, Uchibo Line, Sotobo Line, Togane Line, Hachiko Line, Kawagoe Line, BOSO BICYCLE BASE 京葉線、武蔵野線、中央線快速、総武本線、成田線、内房線、外房線、東金線、八高線・川越線・房総バイシクルベース 209系
68%
23 December 2017 Limited Express Azusa/Kaiji/Fuji Excursion/Hachioji/Ome 特急あずさ・かいじ・富士回遊・はちおうじ・おうめ E353系
68%
13 March 2021 Uchibo Line, Sotobo Line, Narita Line, Kashima Line, Sagami Line, Tohoku Main Line (Utsunomiya Line), Nikko Line, Tsurumi Line 内房線、外房線、成田線・鹿島線・相模線・東北本線(宇都宮線)・日光線・鶴見線 E131系
64%
1 December 2001 Limited Express Odoriko/Shonan/Shiosai/Wakashio/Sazanami/Akagi/"Kusatsu/Shima" 特急踊り子・湘南・しおさい・わかしお・さざなみ・あかぎ・「草津・四万」 E257系
64%
14 March 2020 Limited Express Saphir Odoriko 特急サフィール踊り子 E261系
64%
July 1985 Nambu Branch Line, Senseki Line 南武支線、仙石線 205系
60%
3 December 1994 Sobu Rapid Line, Sobu Main Line, Yokosuka Line, Narita Line, Kashima Line, Uchibo Line, Sotobo Line 総武快速線、総武本線、横須賀線、成田線、鹿島線、内房線、外房線 E217系
60%
3 March 2012 Limited Express Hitachi/Tokiwa 特急ひたち・ときわ E657系
56%
March 1986 Shin'etsu Main Line, Shinonoi Line, Chuo Main Line, Oito Line, Iida Line, Fuji Kyuko Line, Ryomo Line, Joetsu Line, Agatsuma Line 信越本線、篠ノ井線、中央本線、大糸線、飯田線、富士急行線、両毛線、上越線、吾妻線 211系
52%
6 December 2014 Shin'etsu Main Line, Hakushin Line, Uetsu Main Line, Echigo Line, Yahiko Line, Joetsu Line 信越本線、白新線、羽越本線、越後線、弥彦線、上越線 E129系
52%
19 March 1991 Limited Express Kinugawa 特急きぬがわ 253系
48%
8 May 1995 Nambu Branch Line, Oito Line, Shin'etsu Main Line, Shinonoi Line, Chuo Main Line 南武支線・大糸線、信越本線、篠ノ井線、中央本線 E127系
48%
1 October 1997 Limited Express Inaho/Shirayuki, Local Train Okaeri Joetsu 特急いなほ・白雪、普通おかえり上越」 E653系
48%
1 December 1995 Joban Line 常磐線 E501系
44%
23 November 2007 Special Services(Royal Train) 特別車両(お召し列車) E655系
44%
1 February 2007 Tohoku Main Line, Joban Line, Senzan Line, Ban'etsu West Line, Sendai Airport Line 東北本線、常磐線、仙山線、磐越西線、仙台空港アクセス線 E721系
40%
2 July 1993 Non-Scheduled Services 臨時列車 255系
36%
26 March 1981 Non-Scheduled Services 臨時列車 185系
32%
1993 Uetsu Main Line, Ou Main Line, Tsugaru Line, Tazawako Line, Tohoku Main Line 羽越本線、奥羽本線、津軽線、田沢湖線、東北本線 701系
32%
1 May 2017 Train Suite Shikishima TRAIN SUITE 四季島 E001系
28%
11 March 2000 Limited Express Super Tsugaru/Tsugaru 特急スーパーつがる・つがる E751系
24%
15 March 2014 Karasuyama Line, Utsunomiya Line 烏山線、宇都宮線 EV-E301系
24%
5 November 1991 Ou Main Line(Yamagata Line) 奥羽本線(山形線) 719系
20%
4 March 2017 Oga Line, Ou Main Line 男鹿線、奥羽本線 EV-E801系
20%
No matching quizzes found
Score Distribution
Percent of People with Each Score
Percentile by Number Answered
Your Score History
You have not taken this quiz since the last reset